<?xml version="1.0" encoding="UTF-8"?><?xml-stylesheet type="text/xsl" href="static/style.xsl"?><OAI-PMH xmlns="http://www.openarchives.org/OAI/2.0/" xmlns:xsi="http://www.w3.org/2001/XMLSchema-instance" xsi:schemaLocation="http://www.openarchives.org/OAI/2.0/ http://www.openarchives.org/OAI/2.0/OAI-PMH.xsd"><responseDate>2026-04-13T06:39:34Z</responseDate><request verb="GetRecord" identifier="oai:www.recercat.cat:2117/345021" metadataPrefix="marc">https://recercat.cat/oai/request</request><GetRecord><record><header><identifier>oai:recercat.cat:2117/345021</identifier><datestamp>2025-07-22T22:55:19Z</datestamp><setSpec>com_2072_1033</setSpec><setSpec>col_2072_452951</setSpec></header><metadata><record xmlns="http://www.loc.gov/MARC21/slim" xmlns:dcterms="http://purl.org/dc/terms/" xmlns:xsi="http://www.w3.org/2001/XMLSchema-instance" xmlns:doc="http://www.lyncode.com/xoai" xsi:schemaLocation="http://www.loc.gov/MARC21/slim http://www.loc.gov/standards/marcxml/schema/MARC21slim.xsd">
   <leader>00925njm 22002777a 4500</leader>
   <datafield ind2=" " ind1=" " tag="042">
      <subfield code="a">dc</subfield>
   </datafield>
   <datafield ind2=" " ind1=" " tag="720">
      <subfield code="a">Santacreu Puiggròs, Anna</subfield>
      <subfield code="e">author</subfield>
   </datafield>
   <datafield ind2=" " ind1=" " tag="260">
      <subfield code="c">2020-07-13</subfield>
   </datafield>
   <datafield ind2=" " ind1=" " tag="520">
      <subfield code="a">Aquest projecte ha buscat adaptar la fabricació estil artesanal del model de làser SPA 30W de l’empresa Macsa id a una fabricació Lean Manufacturing, buscant obtenir beneficis com una millora de la qualitat del producte, eliminació dels malbarataments presents en el procés, millora contínua del procés i de la qualitat, etc.&#xd;
En primer lloc s’aprofundeix sobre l’empresa on es realitza el projecte i el producte a fabricar: un làser de marcatge, model SPA 30W. &#xd;
A continuació s’estudia les bases del Lean Manufacturing, conjuntament amb les eines que aquest ofereix. &#xd;
Una vegada presentat el marc teòric, s’analitza el procediment de cada pas dins del procés de producció: Picking, fabricació i Packaging, per a continuació  detectar quins són els aspectes a millorar per a obtenir una producció adaptada al Lean Manufacturing. &#xd;
Un cop identificats els punts on poder aplicar millores, es procedeix a aplicar les eines que estudiades per adaptar la fabricació tipus craft a una Lean.&#xd;
El cos del projecte conclou amb un estudi de implicacions ambientals, una planificació temporal del projecte i un estudi econòmic. &#xd;
Per concloure el projecte, a les conclusions s’exposaran els beneficis aportats a l’implementar un sistema Lean Manufacturing a la fabricació dels làsers SPA 30W.</subfield>
   </datafield>
   <datafield ind2=" " ind1=" " tag="520">
      <subfield code="a">This project aims to adapt the craft manufacturing method of the SPA 30W laser model of the Macsa id company to a Lean Manufacturing method, in order to obtain benefits such as an improvement in the quality of the product, elimination of wastage in the process, continuous process and quality improvement, etc.&#xd;
First of all, an approaching of the company is made together with the manufacture of the product: a marking laser, model SPA 30W. &#xd;
Next, the basis of Lean Manufacturing is studied with the tools that it offers. &#xd;
Once the theoretical framework has been presented, the procedure of each step in the production process is analyzed: Picking, manufacturing of the product and Packaging, in order to detect which aspects need to be improved to obtain a production adapted to Lean Manufacturing. &#xd;
Once the points to be improved have been identified, we proceed to apply the studied methods to adapt the manufacturing craft process to a Lean method.&#xd;
The body of the project concludes with a study of environmental implications, the project timing and an economic study. &#xd;
At the end of the project, the conclusions include the benefits of implementing a Lean Manufacturing system in the manufacture of 30W SPA lasers.</subfield>
   </datafield>
   <datafield tag="653" ind2=" " ind1=" ">
      <subfield code="a">Àrees temàtiques de la UPC::Economia i organització d'empreses</subfield>
   </datafield>
   <datafield tag="653" ind2=" " ind1=" ">
      <subfield code="a">Lean manufacturing</subfield>
   </datafield>
   <datafield tag="653" ind2=" " ind1=" ">
      <subfield code="a">Lasers</subfield>
   </datafield>
   <datafield tag="653" ind2=" " ind1=" ">
      <subfield code="a">Producció ajustada</subfield>
   </datafield>
   <datafield tag="653" ind2=" " ind1=" ">
      <subfield code="a">Làsers -- Indústria i comerç</subfield>
   </datafield>
   <datafield ind2="0" ind1="0" tag="245">
      <subfield code="a">Aplicació d'eines Lean Manufacturing en un entorn productiu tipus craft</subfield>
   </datafield>
</record></metadata></record></GetRecord></OAI-PMH>